菊花賞に出走経験がある馬を選べ!(サドンデス) - Statistics

General Stats
  • This quiz has been taken 82 times
  • The average score is 6 of 20
Answers on the Grid
Answers color-coded by a green-red scale on the quiz's grid according to % correct below.
ディープボンド
ディープインパクト
アーモンドアイ
シンボリクリスエス
エピファネイア
アリストテレス
ドウデュース
アグネスフライト
ソールオリエンス
ウインバリアシオン
ドゥラメンテ
ディープブリランテ
アルアイン
ミッキーロケット
ディーマジェスティ
ダノンデサイル
マカヒキ
リーチザクラウン
ネオユニヴァース
ロジユニヴァース
メロディーレーン
ジャスティンパレス
オウケンブルースリ
ダンツフレーム
コスモキュランダ
レガレイラ
フェノーメノ
サダムパテック
クロフネ
サウンズオブアース
 
Answer Stats
Answer % Correct
ディープインパクト
74%
ダノンデサイル
55%
ディープボンド
49%
ソールオリエンス
47%
アリストテレス
45%
ウインバリアシオン
38%
ジャスティンパレス
36%
エピファネイア
32%
メロディーレーン
28%
オウケンブルースリ
23%
ネオユニヴァース
21%
アグネスフライト
19%
コスモキュランダ
19%
サウンズオブアース
19%
ミッキーロケット
17%
リーチザクラウン
15%
ディーマジェスティ
13%
ダンツフレーム
13%
アルアイン
11%
サダムパテック
9%
No matching quizzes found
Score Distribution
Percent of People with Each Score
Percentile by Number Answered
Your Score History
You have not taken this quiz